000 00619nam a2200229Ia 4500
008 220204s9999 xx 000 0 und d
082 _a573.6:634.1
_bHAM
245 0 _aBiotechnology of perennial fruit crops
260 _aLondon
_bCAB International
_c1992
490 _aBiotechnology in Agriculture 8
650 _aCoconut
650 _aCoffee
650 _aHaploidy
650 _aInvitro conservation
650 _aMolecular markers
650 _aOrganogenesis
650 _aSomaclonal variation
650 _aSomatic embryogenesis
700 _aHammerschlag, F A
700 _aLitz, R E
942 _cBK
999 _c40401
_d40401